| 000 | 01516cam a2200337 a 4500 | ||
|---|---|---|---|
| 001 | 2777 | ||
| 005 | 20240115103638.0 | ||
| 020 | _a9780194789011 | ||
| 020 | _a0194789012 | ||
| 040 |
_aWSB _cWSB _dBTCTA _dBAKER _dYDXCP _dCNCGM _dVP@ _dGO3 _dDLC _beng |
||
| 050 | 0 | 0 |
_aPE1126.A4 _bD37 2008 |
| 082 | _a428 | ||
| 100 | 1 | _aDean, Judith | |
| 245 | 0 | 0 |
_aAladdin and the Enchanted Lamp / _cretold by Judith Dean ; illustrated by Thomas Sperling. |
| 250 | _aThis edition Oxford University Press 2008 | ||
| 260 |
_aOxford : _bOxford University Press, _c2008 |
||
| 300 |
_a56 pages : _billustrations ; _c20 cm |
||
| 490 | 0 | _aOxford bookworms library. Stage 1 (400 headwords), Fantasy & horror | |
| 505 | _aK | ||
| 520 | _aIn a city in Arabia there lives a boy called Aladdin. He is poor and often hungry, but one day he finds an old lamp. When he rubs the lamp, smoke comes out of it, and then out of the smoke comes a magical jinnee. With the jinnee's help, Aladdin is soon rich, with gold and jewels and many fine things. But can he win the love of the Sultan's daughter, the beautiful Princess Badr-al-Budur? | ||
| 521 |
_a530 _bLexile |
||
| 521 |
_aK _bRaz-Plus |
||
| 650 | 0 | _aReaders (Adult) | |
| 650 | 0 |
_aReading comprehension _vProblems, exercises, etc. |
|
| 650 | 0 |
_aEnglish language _vTextbooks for foreign speakers. |
|
| 650 | 0 |
_aJinn _vFiction. |
|
| 650 | 0 |
_aLamps _vFiction. |
|
| 700 | 1 |
_aSperling, Thomas _d1952- _eillustrator |
|
| 906 |
_a0 _bibc _ccopycat _d2 _encip _f20 _gy-gencatlg |
||
| 942 |
_2ddc _cBK _n0 |
||
| 999 |
_c2777 _d2777 |
||